MARC

LEADER 00000nam0a2200000 4500
001 297746
005 20231102001034.0
020 |a RU  |b 84-56755 
035 |a (RuTPU)RU\TPU\book\322880 
090 |a 297746 
100 |a 20150610d1984 k y0rusy5003 ca 
101 0 |a rus 
102 |a RU 
105 |a a z 000zy 
200 1 |a Экономическое обоснование темпов научно-технического прогресса  |e [монография]  |f С. В. Валдайцев  |g Ленинградский государственный университет (ЛГУ) 
210 |a Ленинград  |c Изд-во ЛГУ  |d 1984 
215 |a 176 с.  |c ил. 
606 1 |a Технический прогресс  |y СССР  |y Россия  |2 stltpush  |3 (RuTPU)RU\TPU\subj\60126  |9 77615 
610 1 |a экономические исследования 
610 1 |a экономическое обоснование 
610 1 |a продукция 
610 1 |a обновление 
610 1 |a буржуазные модели 
610 1 |a производительность труда 
610 1 |a алгоритмы 
610 1 |a потребительская стоимость 
675 |a 62.001.6  |z rus  |v 3 
686 |a У9(2)0-551  |2 rubbk 
700 1 |a Валдайцев  |b С. В.  |g Сергей Васильевич  |4 070 
712 0 2 |a Ленинградский государственный университет (ЛГУ)  |c (1924-1991)  |2 stltpush  |3 (RuTPU)RU\TPU\col\77 
801 0 |a RU  |b RuMRKP  |c 19950704  |g psbo 
801 1 |a RU  |b 63413507  |c 20150610 
801 2 |a RU  |b 63413507  |c 20150901  |g RCR 
942 |c BK